| 000 | 00553nam a2200217Ia 4500 | ||
|---|---|---|---|
| 003 | OSt | ||
| 005 | 20220928135726.0 | ||
| 006 | a|||||r|||| 00| 0 | ||
| 007 | ta | ||
| 008 | 220927b |||||||| |||| 00| 0 eng d | ||
| 024 | _a4672 | ||
| 037 | _cTextual | ||
| 040 |
_aSDCL _cSDCL _beng |
||
| 041 |
_2eng _aeng |
||
| 082 | _aX:54.2'N8, M2 | ||
| 100 |
_aRoy Ramashray Ed. _9466081 |
||
| 245 | 0 | _aPolitics of international relations | |
| 260 | _c1982 | ||
| 942 |
_hX:54.2'N8, M2 _cTEXL _2CC |
||
| 999 |
_c808305 _d808305 |
||